| 000 | 00523nam a2200181 a 4500 | ||
|---|---|---|---|
| 005 | 20140310183535.0 | ||
| 008 | 111014s19uu xx 00 eng d | ||
| 020 | _a9789712719080 | ||
| 022 | _29789712719080 | ||
| 050 |
_aHD 2346.P6 _b.L479 2007 |
||
| 245 |
_aLearning from small businesses : _ba case book / _cSERDEF. |
||
| 260 |
_aPasig City, Philippines : _bAnvil, _c2007. |
||
| 300 |
_a200 p. : _bill. ; _c26 cm. |
||
| 521 | _aBSBA | ||
| 650 |
_aSmall business _xManagement |
||
| 942 |
_cBK _2lcc _kLOC |
||
| 999 |
_c24712 _d24712 |
||